Statistics for Subtract 1 Quiz

Click here to take the quiz!

General Stats

  • This quiz has been taken 69 times
  • The average score is 14 of 20

Answer Stats

HintAnswer% Correct
21
86%
43
76%
54
76%
21
74%
21
74%
21
74%
32
74%
43
74%
43
71%
54
71%
54
71%
21
69%
43
69%
54
69%
54
69%
32
67%
32
67%
54
67%
43
64%
43
64%

Score Distribution

Percentile by Number Answered

Percent of People with Each Score

Your Score History

You have not taken this quiz